[Event "37. Copenhagen Open (Politiken Cup)"]
[Site "Elsinore"]
[Date "2015.07.27"]
[Round "4"]
[White "Pedersen, Kim Michael"]
[Black "Frisk, Hans"]
[Result "0-1"]
[WhiteElo "1764"]
[BlackElo "2013"]
[PlyCount "92"]
[EventDate "2015.07.25"]
[EventType "swiss"]
[EventRounds "10"]
[EventCountry "DEN"]
[Source "ChessBase"]
[SourceDate "2015.09.14"]

1. d4 d5 2. Bf4 c5 3. c3 Nc6 4. e3 Nf6 5. h3 e6 6. Nf3 Bd6 7. Ne5 Bxe5 8. dxe5
Nd7 9. Bb5 Qb6 10. c4 dxc4 11. Na3 O-O 12. Bxc6 Qxc6 13. Nxc4 Qxg2 14. Ke2 Qd5
15. Qc2 b5 16. Nd2 Nb6 17. b3 Bb7 18. Rhg1 g6 19. f3 c4 20. Rg3 Rfd8 21. e4
Qd3+ 22. Qxd3 cxd3+ 23. Ke3 Rac8 24. h4 h5 25. Rag1 Kh7 26. Bg5 Rd7 27. Bf6 Rc2
28. R1g2 Rxa2 29. Rg5 Kh6 30. R5g3 a5 31. Bg5+ Kg7 32. Bf6+ Kf8 33. Rg5 Rc7 34.
Rxh5 gxh5 35. Rg7 Rcc2 36. Rh7 Ke8 37. Rh8+ Kd7 38. Rd8+ Kc7 39. Rxd3 Rxd2 40.
Rxd2 Rxd2 41. Kxd2 Nd7 42. Be7 Nxe5 43. Ke3 Ng6 44. Bf6 e5 45. Kd3 Kc6 46. Kc3
b4+ 0-1

[Event "37. Copenhagen Open (Politiken Cup)"]
[Site "Elsinore"]
[Date "2015.07.27"]
[Round "4"]
[White "Pedersen, Lars Foldager"]
[Black "Biasi, Grace"]
[Result "1-0"]
[WhiteElo "1907"]
[BlackElo "1649"]
[PlyCount "98"]
[EventDate "2015.07.25"]
[EventType "swiss"]
[EventRounds "10"]
[EventCountry "DEN"]
[Source "ChessBase"]
[SourceDate "2015.09.14"]

1. d4 Nf6 2. Nf3 g6 3. Bf4 Bg7 4. h3 O-O 5. e3 d6 6. Bc4 Nbd7 7. O-O Nh5 8. Bh2
c5 9. c3 Nb6 10. Bb3 c4 11. Bc2 Bd7 12. e4 Re8 13. Nbd2 e5 14. Qe2 Nf4 15. Bxf4
exf4 16. Nxc4 Bb5 17. Bd3 Bxc4 18. Bxc4 Nxc4 19. Qxc4 Rxe4 20. Qd5 Re2 21. Rfe1
Rxb2 22. Re4 Qf6 23. Rae1 h6 24. Re7 Rb8 25. Nh2 Rb1 26. Qe4 Rxe1+ 27. Qxe1 Kf8
28. Rd7 Re8 29. Qb1 Re7 30. Qxb7 Rxd7 31. Qxd7 Qe7 32. Qc8+ Qe8 33. Qc7 Qe7 34.
Qb8+ Qe8 35. Qxd6+ Kg8 36. Nf3 Qa4 37. Qb8+ Bf8 38. Ne5 Qxa2 39. Nd7 Qa3 40. c4
Qd6 41. Qxa7 Be7 42. Ne5 Qb4 43. Qa8+ Bf8 44. Qd5 Qe7 45. c5 Qe6 46. Qxe6 fxe6
47. Nxg6 Bg7 48. c6 Bxd4 49. c7 Kf7 1-0

[Event "37. Copenhagen Open (Politiken Cup)"]
[Site "Elsinore"]
[Date "2015.07.27"]
[Round "4"]
[White "Petersen, Martin Reib"]
[Black "Opasiak, Dustin Tennessee"]
[Result "1-0"]
[WhiteElo "2122"]
[BlackElo "1791"]
[PlyCount "95"]
[EventDate "2015.07.25"]
[EventType "swiss"]
[EventRounds "10"]
[EventCountry "DEN"]
[Source "ChessBase"]
[SourceDate "2015.09.14"]

1. e4 c6 2. Nc3 d5 3. Nf3 dxe4 4. Nxe4 Nf6 5. Nxf6+ exf6 6. d4 Bd6 7. Bd3 O-O
8. Be3 Re8 9. Qd2 Bf4 10. O-O-O Bxe3 11. fxe3 Be6 12. e4 Nd7 13. d5 cxd5 14.
exd5 Bg4 15. h3 Bxf3 16. gxf3 Qb6 17. Qg2 Ne5 18. Rhg1 g6 19. Kb1 Rad8 20. f4
Nxd3 21. Rxd3 Re2 22. Qxe2 Qxg1+ 23. Rd1 Qc5 24. Qd3 b5 25. f5 Kg7 26. h4 Re8
27. fxg6 hxg6 28. d6 Rd8 29. d7 Qc6 30. Qd4 a6 31. a3 Qe6 32. Rd3 Kf8 33. Qc5+
Kg7 34. Qc7 Qe7 35. Ka2 f5 36. h5 gxh5 37. Qg3+ Kf8 38. Re3 Qc5 39. Qf2 Qd5+
40. b3 Rxd7 41. Qf4 Qd6 42. Qxf5 Qg6 43. Qc5+ Kg7 44. Qc3+ Kh7 45. Rg3 Qh6 46.
Qc8 Qf4 47. Qg8+ Kh6 48. Qg7# 1-0

[Event "37. Copenhagen Open (Politiken Cup)"]
[Site "Elsinore"]
[Date "2015.07.27"]
[Round "4"]
[White "Petersen, Peter Birk"]
[Black "Jensen, Thore Nyboe"]
[Result "1-0"]
[WhiteElo "2197"]
[BlackElo "2008"]
[PlyCount "81"]
[EventDate "2015.07.25"]
[EventType "swiss"]
[EventRounds "10"]
[EventCountry "DEN"]
[Source "ChessBase"]
[SourceDate "2015.09.14"]

1. Nf3 c5 2. c4 Nc6 3. g3 g6 4. Bg2 Bg7 5. Nc3 Nf6 6. O-O O-O 7. e3 d6 8. d4
cxd4 9. Nxd4 Bd7 10. b3 Nxd4 11. exd4 Bc6 12. d5 Nxd5 13. cxd5 Bxc3 14. dxc6
Bxa1 15. cxb7 Rb8 16. Be3 Bg7 17. Bxa7 e6 18. Bxb8 Qxb8 19. Bc6 Qc7 20. Qc2 Rb8
21. Rc1 Bh6 22. Bg2 Qd8 23. f4 Bf8 24. Qc7 Qxc7 25. Rxc7 d5 26. Bf1 Bd6 27.
Rc8+ Kg7 28. Ba6 Kf6 29. Kf2 e5 30. fxe5+ Kxe5 31. b4 f5 32. a4 f4 33. gxf4+
Kxf4 34. h3 Ke4 35. a5 Ke5 36. b5 g5 37. b6 h5 38. Rxb8 Bxb8 39. Bb5 g4 40.
hxg4 hxg4 41. a6 1-0

[Event "37. Copenhagen Open (Politiken Cup)"]
[Site "Elsinore"]
[Date "2015.07.27"]
[Round "4"]
[White "Petersen, Rasmus"]
[Black "Loveid, Erik"]
[Result "1/2-1/2"]
[WhiteElo "1727"]
[BlackElo "1559"]
[PlyCount "74"]
[EventDate "2015.07.25"]
[EventType "swiss"]
[EventRounds "10"]
[EventCountry "DEN"]
[Source "ChessBase"]
[SourceDate "2015.09.14"]

1. d4 e6 2. c4 f5 3. Nc3 Nf6 4. Nf3 Be7 5. b3 d6 6. Bb2 O-O 7. e3 b6 8. Qc2 Bb7
9. Bd3 Na6 10. a3 c5 11. dxc5 Nxc5 12. O-O-O Nfe4 13. b4 Nxd3+ 14. Rxd3 Nxc3
15. Qxc3 Bf6 16. Qd2 d5 17. Kd1 Qe8 18. Bxf6 dxc4 19. Rc3 gxf6 20. Rxc4 Qa4+
21. Ke1 Qxa3 22. Rc7 Rfd8 23. Qc3 Qxc3+ 24. Rxc3 Rac8 25. Rxc8 Rxc8 26. Kd2
Bxf3 27. gxf3 Rc4 28. Ra1 Rxb4 29. Rxa7 Rh4 30. Rb7 Rxh2 31. Ke2 e5 32. Rxb6
Kg7 33. Kf1 Rh4 34. Kg2 Rc4 35. Rb7+ Kg6 36. Ra7 h5 37. Ra8 Kg7 1/2-1/2

[Event "37. Copenhagen Open (Politiken Cup)"]
[Site "Elsinore"]
[Date "2015.07.27"]
[Round "4"]
[White "Ragger, Markus"]
[Black "Smith, Axel"]
[Result "1-0"]
[WhiteElo "2688"]
[BlackElo "2449"]
[PlyCount "99"]
[EventDate "2015.07.25"]
[EventType "swiss"]
[EventRounds "10"]
[EventCountry "DEN"]
[Source "ChessBase"]
[SourceDate "2015.09.14"]

1. d4 Nf6 2. c4 e6 3. Nf3 d5 4. g3 c6 5. Bg2 Nbd7 6. O-O dxc4 7. Nc3 b5 8. e4
Bb7 9. e5 Nd5 10. Ng5 h6 11. Nxe6 fxe6 12. Qh5+ Ke7 13. Ne4 Qe8 14. Bg5+ hxg5
15. Qxh8 Kd8 16. Nxg5 Nc7 17. f4 Kc8 18. f5 exf5 19. Rxf5 c5 20. Bh3 Be7 21.
Qxe8+ Nxe8 22. Rf7 Bxg5 23. Bxd7+ Kd8 24. Bxe8 Be3+ 25. Kf1 Bd5 26. Rd7+ Kxe8
27. Rxd5 Bxd4 28. Re1 Rd8 29. Rxd8+ Kxd8 30. Re2 Ke7 31. e6 a5 32. Ke1 b4 33.
Kd1 a4 34. Kc2 Bf6 35. Re4 Bd4 36. Kb1 Bg1 37. Rxc4 Kxe6 38. Rg4 Bxh2 39. Rxg7
Kd5 40. g4 b3 41. Ra7 bxa2+ 42. Kxa2 Ke5 43. Rxa4 Kf6 44. Kb3 Be5 45. Re4 Bd4
46. Rxd4 cxd4 47. Kc4 Ke5 48. Kd3 Kf4 49. b4 Kxg4 50. b5 1-0

[Event "37. Copenhagen Open (Politiken Cup)"]
[Site "Elsinore"]
[Date "2015.07.27"]
[Round "4"]
[White "Rakhmanov, Alexander"]
[Black "Sjodahl, Pontus"]
[Result "1-0"]
[WhiteElo "2626"]
[BlackElo "2425"]
[PlyCount "55"]
[EventDate "2015.07.25"]
[EventType "swiss"]
[EventRounds "10"]
[EventCountry "DEN"]
[Source "ChessBase"]
[SourceDate "2015.09.14"]

1. c4 Nf6 2. d4 e6 3. Nc3 Bb4 4. e3 O-O 5. Bd3 d5 6. a3 Bxc3+ 7. bxc3 b6 8.
cxd5 exd5 9. Ne2 c5 10. O-O Ba6 11. dxc5 bxc5 12. Bxa6 Nxa6 13. c4 dxc4 14. Qa4
Qb6 15. Qxc4 Rfe8 16. f3 Nd7 17. e4 Ne5 18. Qc3 Rad8 19. Nf4 Qc6 20. Be3 Qa4
21. Rac1 Rb8 22. Rb1 f6 23. Nd5 Rb5 24. Bf4 Kf7 25. Ne3 Re6 26. Bxe5 Rxe5 27.
Qc4+ Qxc4 28. Nxc4 1-0

[Event "37. Copenhagen Open (Politiken Cup)"]
[Site "Elsinore"]
[Date "2015.07.27"]
[Round "4"]
[White "Ranaldi, Lucas"]
[Black "Subramanian, Aditya"]
[Result "1-0"]
[WhiteElo "2142"]
[BlackElo "1942"]
[PlyCount "87"]
[EventDate "2015.07.25"]
[EventType "swiss"]
[EventRounds "10"]
[EventCountry "DEN"]
[Source "ChessBase"]
[SourceDate "2015.09.14"]

1. d4 Nf6 2. c4 e6 3. Nc3 Bb4 4. Qc2 c5 5. dxc5 O-O 6. Nf3 Na6 7. a3 Qa5 8. Bd2
Nxc5 9. Rc1 Bxc3 10. Bxc3 Qa4 11. Qxa4 Nxa4 12. Bxf6 gxf6 13. b3 Nc5 14. b4 Ne4
15. Nd4 f5 16. f3 Nf6 17. Nb5 b6 18. Nd6 Ne8 19. Rd1 Nxd6 20. Rxd6 Rd8 21. e3
Kf8 22. Kf2 Ke7 23. Rd4 a5 24. b5 Bb7 25. Be2 Rac8 26. Rhd1 d5 27. f4 dxc4 28.
Bxc4 Rxd4 29. Rxd4 Be4 30. g4 Rg8 31. Be2 Rc8 32. gxf5 exf5 33. Rc4 Rxc4 34.
Bxc4 Kd6 35. Bxf7 Kc5 36. Be8 Kc4 37. Bc6 Bd3 38. e4 fxe4 39. Ke3 Kb3 40. Bxe4
Bxb5 41. Bxh7 Kxa3 42. f5 Bd7 43. f6 Be6 44. Bg6 1-0

[Event "37. Copenhagen Open (Politiken Cup)"]
[Site "Elsinore"]
[Date "2015.07.27"]
[Round "4"]
[White "Rasdal, Yngve"]
[Black "Stray, Gunnar"]
[Result "0-1"]
[WhiteElo "1790"]
[BlackElo "2075"]
[PlyCount "74"]
[EventDate "2015.07.25"]
[EventType "swiss"]
[EventRounds "10"]
[EventCountry "DEN"]
[Source "ChessBase"]
[SourceDate "2015.09.14"]

1. d4 d5 2. Nf3 Nf6 3. e3 g6 4. Bd3 Bg7 5. O-O O-O 6. Nbd2 c5 7. b3 Nc6 8. c3
e5 9. Nxe5 Nxe5 10. dxe5 Ng4 11. Nf3 Nxe5 12. Nxe5 Bxe5 13. Bb2 Qc7 14. g3 Rd8
15. Qc2 c4 16. bxc4 dxc4 17. Be2 Be6 18. Rfd1 Qc6 19. Rxd8+ Rxd8 20. Rd1 Rc8
21. e4 Qc5 22. Kg2 Qa5 23. f4 Bg7 24. Qd2 Re8 25. Bf3 b5 26. g4 Bh6 27. h4 Qc7
28. g5 Bf8 29. h5 h6 30. Bc1 hxg5 31. fxg5 Qe5 32. hxg6 fxg6 33. Qf2 Bg7 34.
Bd2 Rf8 35. Qxa7 Bh3+ 36. Kf2 Qh2+ 37. Ke3 Qf4+ 0-1

[Event "37. Copenhagen Open (Politiken Cup)"]
[Site "Elsinore"]
[Date "2015.07.27"]
[Round "4"]
[White "Rasmussen, Allan Stig"]
[Black "Ekeberg, Carl Fredrik"]
[Result "1-0"]
[WhiteElo "2502"]
[BlackElo "2267"]
[PlyCount "51"]
[EventDate "2015.07.25"]
[EventType "swiss"]
[EventRounds "10"]
[EventCountry "DEN"]
[Source "ChessBase"]
[SourceDate "2015.09.14"]

1. e4 e5 2. Nf3 Nc6 3. Bb5 Nge7 4. c3 d5 5. Nxe5 dxe4 6. Qe2 Be6 7. Qxe4 Bd5 8.
Qe2 Bxg2 9. f3 Qd5 10. Rg1 Bh3 11. d4 Be6 12. Rg5 Qd8 13. Nxc6 bxc6 14. Ba4 g6
15. Ra5 h6 16. Qe5 Rg8 17. Bf4 Bg7 18. Qxc7 Qxc7 19. Bxc7 Kd7 20. Bg3 f5 21.
Nd2 g5 22. O-O-O f4 23. Bf2 Rgf8 24. c4 Kc7 25. Re1 Rf6 26. Rae5 1-0

[Event "37. Copenhagen Open (Politiken Cup)"]
[Site "Elsinore"]
[Date "2015.07.27"]
[Round "4"]
[White "Rasmussen, Lars"]
[Black "Nielsen, Palle"]
[Result "1-0"]
[WhiteElo "1953"]
[BlackElo "1751"]
[PlyCount "51"]
[EventDate "2015.07.25"]
[EventType "swiss"]
[EventRounds "10"]
[EventCountry "DEN"]
[Source "ChessBase"]
[SourceDate "2015.09.14"]

1. e4 e5 2. Nf3 Nc6 3. d4 exd4 4. Nxd4 Bc5 5. Be3 Qf6 6. c3 d6 7. Qd2 Qg6 8. f3
Ne5 9. Nb5 Bxe3 10. Qxe3 Kd8 11. Nd2 a6 12. Nd4 Ne7 13. Qf2 c5 14. Nc2 N7c6 15.
Nc4 Kc7 16. O-O-O Nxc4 17. Bxc4 b5 18. Bd5 Be6 19. Ne3 Rad8 20. g4 Ne7 21. h4
Bxd5 22. Nxd5+ Nxd5 23. Rxd5 Qf6 24. Rhd1 Qf4+ 25. Kb1 f6 26. b4 1-0

[Event "37. Copenhagen Open (Politiken Cup)"]
[Site "Elsinore"]
[Date "2015.07.27"]
[Round "4"]
[White "Rasmussen, Morten(1956)"]
[Black "Starup, Leo"]
[Result "1-0"]
[WhiteElo "1879"]
[BlackElo "1619"]
[PlyCount "71"]
[EventDate "2015.07.25"]
[EventType "swiss"]
[EventRounds "10"]
[EventCountry "DEN"]
[Source "ChessBase"]
[SourceDate "2015.09.14"]

1. d4 Nf6 2. c4 e6 3. g3 c6 4. Bg2 d5 5. Qc2 Be7 6. Nf3 h6 7. O-O O-O 8. Nbd2
Na6 9. b3 Nc7 10. Bb2 a5 11. e4 dxe4 12. Nxe4 Nxe4 13. Qxe4 Ne8 14. Ne5 Nf6 15.
Qc2 Rb8 16. Rad1 Qc7 17. f4 Rd8 18. Kh1 Bd7 19. Nxd7 Rxd7 20. f5 exf5 21. Qxf5
Rbd8 22. Rde1 Rxd4 23. Bxd4 Rxd4 24. Qe5 Rd7 25. Bh3 Bd6 26. Qe3 Re7 27. Qd3
Bb4 28. Rd1 Bc5 29. Qd8+ Qxd8 30. Rxd8+ Re8 31. Rxe8+ Nxe8 32. Rd1 Nd6 33. Re1
f5 34. Bxf5 Kf7 35. Bg4 Ne8 36. Bh5+ 1-0

[Event "37. Copenhagen Open (Politiken Cup)"]
[Site "Elsinore"]
[Date "2015.07.27"]
[Round "4"]
[White "Rasmussen, Morten Fredsgaard"]
[Black "Jorgensen, Orla Eilegaard"]
[Result "1-0"]
[WhiteElo "1932"]
[BlackElo "1656"]
[PlyCount "67"]
[EventDate "2015.07.25"]
[EventType "swiss"]
[EventRounds "10"]
[EventCountry "DEN"]
[Source "ChessBase"]
[SourceDate "2015.09.14"]

1. d4 d5 2. Bf4 Nf6 3. Nf3 c6 4. c3 Nbd7 5. e3 e6 6. Bd3 c5 7. Nbd2 c4 8. Bc2
b5 9. e4 Bb7 10. e5 Ne4 11. O-O b4 12. Nxe4 dxe4 13. Ng5 Qa5 14. Nxe4 Qd5 15.
f3 h6 16. Qd2 a5 17. Rad1 Ra6 18. Qe2 Be7 19. Nd2 Nb6 20. Be4 Qd7 21. Nxc4 Bxe4
22. Nd6+ Bxd6 23. Qxa6 Bxf3 24. Rxf3 Bc7 25. Qxa5 g5 26. Bc1 f5 27. Rfd3 bxc3
28. bxc3 g4 29. Ba3 Nc4 30. Qa8+ Bd8 31. Rb1 Nxe5 32. Rb7 Qxb7 33. Qxb7 Nxd3
34. Qb5+ 1-0

[Event "37. Copenhagen Open (Politiken Cup)"]
[Site "Elsinore"]
[Date "2015.07.27"]
[Round "4"]
[White "Risting, Eivind Olav"]
[Black "Franzen, Per Erik"]
[Result "1-0"]
[WhiteElo "2190"]
[BlackElo "1988"]
[PlyCount "47"]
[EventDate "2015.07.25"]
[EventType "swiss"]
[EventRounds "10"]
[EventCountry "DEN"]
[Source "ChessBase"]
[SourceDate "2015.09.14"]

1. d4 d5 2. c4 e6 3. Nc3 Be7 4. Nf3 Nf6 5. Bf4 O-O 6. e3 c6 7. Qc2 Nbd7 8. Bd3
dxc4 9. Bxc4 Nd5 10. Bg3 Nxc3 11. bxc3 c5 12. O-O Qa5 13. Bd3 g6 14. Rab1 a6
15. a4 Bf6 16. Nd2 cxd4 17. cxd4 Qh5 18. Be4 e5 19. Bf3 Qh6 20. Bxb7 Bxb7 21.
Rxb7 Rfd8 22. Rxd7 Rxd7 23. Qc6 Rad8 24. Qxf6 1-0

[Event "37. Copenhagen Open (Politiken Cup)"]
[Site "Elsinore"]
[Date "2015.07.27"]
[Round "4"]
[White "Robertsen, Bjorn"]
[Black "Perrett, David C"]
[Result "0-1"]
[WhiteElo "1676"]
[BlackElo "1937"]
[PlyCount "52"]
[EventDate "2015.07.25"]
[EventType "swiss"]
[EventRounds "10"]
[EventCountry "DEN"]
[Source "ChessBase"]
[SourceDate "2015.09.14"]

1. d4 f5 2. e4 fxe4 3. Nc3 Nf6 4. Bg5 g6 5. h4 h6 6. Bxf6 exf6 7. Bc4 h5 8. Nh3
Bh6 9. Qe2 Kf8 10. O-O Kg7 11. Qxe4 c6 12. d5 Re8 13. Qf3 d6 14. Rfe1 Bg4 15.
Qg3 Re5 16. Nf4 Bxf4 17. Qxf4 Nd7 18. dxc6 bxc6 19. Bd3 Nc5 20. Be4 d5 21. Bf3
Qe7 22. Rxe5 fxe5 23. Re1 Re8 24. Qg3 Bxf3 25. gxf3 Qf6 26. f4 exf4 0-1

[Event "37. Copenhagen Open (Politiken Cup)"]
[Site "Elsinore"]
[Date "2015.07.27"]
[Round "4"]
[White "Roe, Simon J"]
[Black "Taksrud, Vidar"]
[Result "1-0"]
[WhiteElo "2240"]
[BlackElo "2048"]
[PlyCount "69"]
[EventDate "2015.07.25"]
[EventType "swiss"]
[EventRounds "10"]
[EventCountry "DEN"]
[Source "ChessBase"]
[SourceDate "2015.09.14"]

1. Nf3 Nf6 2. c4 e6 3. d4 c5 4. e3 b6 5. Nc3 Bb7 6. Be2 Be7 7. d5 exd5 8. cxd5
d6 9. O-O O-O 10. e4 Nbd7 11. h3 a6 12. a4 Ne8 13. Re1 Rc8 14. Be3 Nc7 15. Qc2
Re8 16. Rad1 Bf6 17. Bf4 Ne5 18. Bxe5 Bxe5 19. Nxe5 Rxe5 20. f4 Re8 21. e5 Rb8
22. Bg4 dxe5 23. fxe5 Qg5 24. e6 Nxd5 25. exf7+ Kxf7 26. Qxh7 Rxe1+ 27. Rxe1
Nf6 28. Be6+ Ke7 29. Bc4+ Kd8 30. Qd3+ Nd7 31. Bd5 c4 32. Qf3 Bxd5 33. Nxd5 b5
34. Qf7 Kc8 35. Re8+ 1-0

[Event "37. Copenhagen Open (Politiken Cup)"]
[Site "Elsinore"]
[Date "2015.07.27"]
[Round "4"]
[White "Rolvag, Birk Anders"]
[Black "Thuesen, Mogens Henrik"]
[Result "0-1"]
[WhiteElo "1970"]
[BlackElo "2158"]
[PlyCount "152"]
[EventDate "2015.07.25"]
[EventType "swiss"]
[EventRounds "10"]
[EventCountry "DEN"]
[Source "ChessBase"]
[SourceDate "2015.09.14"]

1. e4 d5 2. exd5 Qxd5 3. Nc3 Qa5 4. d4 Nf6 5. Nf3 Bf5 6. Bd3 e6 7. O-O Nbd7 8.
Bf4 Bd6 9. Bxd6 cxd6 10. Re1 O-O 11. Bxf5 Qxf5 12. Ne2 Rfc8 13. c3 b5 14. Qb1
Ne4 15. Ng3 Nxg3 16. hxg3 Qd5 17. Re3 Rab8 18. b3 a5 19. Qd3 Nf6 20. Nd2 Ng4
21. Rf3 Qh5 22. Nf1 h6 23. Rc1 d5 24. Rc2 e5 25. Rf5 Qg6 26. Ne3 Nxe3 27. fxe3
e4 28. Qf1 Qxg3 29. Qf2 Qxf2+ 30. Kxf2 Rd8 31. c4 Rbc8 32. c5 Rc6 33. Kg3 f6
34. a3 g6 35. Rf1 Kg7 36. Kh3 h5 37. Rcf2 f5 38. g3 Kf6 39. Rf4 Ke6 40. Kh4 Kf6
41. Kh3 Kg5 42. Kg2 Rf8 43. Rh4 Kf6 44. Rhf4 Ke7 45. Kh3 Rg8 46. Rh4 Rf6 47.
Kg2 Rh8 48. Rfh1 b4 49. a4 Rf7 50. Kf2 Rfh7 51. Ke2 g5 52. R4h2 Ke6 53. Rh3 Kf6
54. R3h2 Ke6 55. Kf2 Rh6 56. Kg2 R8h7 57. Rh3 Kf6 58. R3h2 Kg6 59. Rh3 Rh8 60.
R3h2 R6h7 61. Rh3 Rf8 62. Rf1 h4 63. gxh4 f4 64. hxg5 Rxh3 65. Kxh3 fxe3 66.
Re1 Kxg5 67. Rxe3 Kf4 68. Re1 Rg8 69. c6 Rg3+ 70. Kh2 Rc3 71. Rf1+ Ke3 72. Rf6
Kd2 73. Kg2 e3 74. Re6 Rxb3 75. Kf3 Rc3 76. Re5 Rxc6 0-1

[Event "37. Copenhagen Open (Politiken Cup)"]
[Site "Elsinore"]
[Date "2015.07.27"]
[Round "4"]
[White "Rosell, Sven"]
[Black "Maesschalck, Vincent"]
[Result "1-0"]
[WhiteElo "1995"]
[BlackElo "1784"]
[PlyCount "137"]
[EventDate "2015.07.25"]
[EventType "swiss"]
[EventRounds "10"]
[EventCountry "DEN"]
[Source "ChessBase"]
[SourceDate "2015.09.14"]

1. c4 e5 2. Nc3 Bb4 3. Nd5 Bc5 4. b4 Be7 5. Qc2 Nf6 6. Nxe7 Qxe7 7. Bb2 Nc6 8.
a3 Nd4 9. Bxd4 exd4 10. Nf3 a5 11. Rb1 axb4 12. axb4 d3 13. Qxd3 Qe4 14. e3 d6
15. Qxe4+ Nxe4 16. Bd3 f5 17. O-O Bd7 18. Ra1 O-O 19. Bc2 h6 20. Bb3 Kh8 21. d3
Nf6 22. Nd4 c6 23. Bc2 g6 24. Ne2 Nh5 25. Rfb1 g5 26. Bd1 Rae8 27. Ra7 Bc8 28.
Nd4 Ng7 29. b5 f4 30. e4 d5 31. cxd5 cxd5 32. f3 dxe4 33. dxe4 Rd8 34. Nb3 Ne6
35. Be2 Rf7 36. Rc1 Rfd7 37. Ra2 Nd4 38. Nxd4 Rxd4 39. Ra8 Be6 40. Rxd8+ Rxd8
41. Rc7 Rd7 42. Rc2 Kg7 43. Kf2 Kf6 44. g3 Bb3 45. Rc3 Be6 46. g4 Ke5 47. Rc5+
Kd4 48. Rc2 Ke5 49. Ke1 Kd4 50. Kf2 Ke5 51. Rc5+ Kd4 52. Rc8 Rh7 53. Re8 Bc4
54. Rd8+ Kc5 55. Rc8+ Kxb5 56. Rxc4 Ka5 57. Rc5+ Kb4 58. Rb5+ Kc3 59. e5 Re7
60. Rd5 Re6 61. Bb5 Re7 62. Ke2 b6 63. Kf2 Kb4 64. Be2 Kc3 65. Rd3+ Kb4 66.
Rd4+ Kc3 67. Re4 Kd2 68. e6 Kc3 69. Bb5 1-0

[Event "37. Copenhagen Open (Politiken Cup)"]
[Site "Elsinore"]
[Date "2015.07.27"]
[Round "4"]
[White "Rydstrom, Tom"]
[Black "Grove, Peter"]
[Result "1-0"]
[WhiteElo "2346"]
[BlackElo "2098"]
[PlyCount "95"]
[EventDate "2015.07.25"]
[EventType "swiss"]
[EventRounds "10"]
[EventCountry "DEN"]
[Source "ChessBase"]
[SourceDate "2015.09.14"]

1. e4 e6 2. d4 d5 3. Nc3 Nf6 4. Bg5 dxe4 5. Nxe4 Be7 6. Bxf6 gxf6 7. c3 b6 8.
Qf3 c6 9. Bc4 Bb7 10. Ne2 f5 11. N4g3 Qd6 12. a4 Nd7 13. a5 Rc8 14. O-O O-O 15.
Rfe1 Nf6 16. Nf4 Nd5 17. a6 Ba8 18. Nxd5 cxd5 19. Bd3 Bg5 20. Qh5 Qf4 21. h3
Qh4 22. Qf3 Qf4 23. Qe2 Bc6 24. Nf1 Qd6 25. Qh5 f6 26. h4 Be8 27. Qe2 Bxh4 28.
Qxe6+ Qxe6 29. Rxe6 Bg5 30. Re7 Rf7 31. Rae1 Bd7 32. Rxd7 Rxd7 33. Bxf5 Rcc7
34. Bxd7 Rxd7 35. g3 Kf7 36. f4 Bh6 37. Kf2 Bf8 38. Kf3 b5 39. Ne3 Rd6 40. Ra1
Ke6 41. Kg4 Rd8 42. Re1 Kf7 43. Rh1 Kg6 44. Rh5 Rd6 45. Rxd5 Rxa6 46. Rxb5 Ra2
47. f5+ Kf7 48. Rb7+ 1-0

[Event "37. Copenhagen Open (Politiken Cup)"]
[Site "Elsinore"]
[Date "2015.07.27"]
[Round "4"]
[White "Sateren, Erlend"]
[Black "Hansen, Tommy"]
[Result "0-1"]
[WhiteElo "1400"]
[BlackElo "1837"]
[PlyCount "44"]
[EventDate "2015.07.25"]
[EventType "swiss"]
[EventRounds "10"]
[EventCountry "DEN"]
[Source "ChessBase"]
[SourceDate "2015.09.14"]

1. e4 d5 2. exd5 Nf6 3. Nf3 Qxd5 4. Nc3 Qh5 5. d4 Bg4 6. Be2 Nc6 7. h3 O-O-O 8.
Be3 e5 9. Qd3 exd4 10. Nxd4 Bxe2 11. Ncxe2 Nb4 12. Qc3 Nfd5 13. Nf4 Nxf4 14.
Bxf4 Nd5 15. Qg3 Bb4+ 16. Kf1 Nxf4 17. Qxf4 Bc5 18. Qf5+ Qxf5 19. Nxf5 Rd2 20.
Ne3 Bxe3 21. fxe3 Rxc2 22. b3 Re8 0-1

[Event "37. Copenhagen Open (Politiken Cup)"]
[Site "Elsinore"]
[Date "2015.07.27"]
[Round "4"]
[White "Satre, Mathias"]
[Black "Formanek, Edward W"]
[Result "0-1"]
[WhiteElo "1753"]
[BlackElo "2121"]
[PlyCount "84"]
[EventDate "2015.07.25"]
[EventType "swiss"]
[EventRounds "10"]
[EventCountry "DEN"]
[Source "ChessBase"]
[SourceDate "2015.09.14"]

1. e4 e6 2. d4 d5 3. Nc3 Bb4 4. e5 Ne7 5. a3 Bxc3+ 6. bxc3 b6 7. Qg4 Ng6 8. h4
h5 9. Qg3 Ba6 10. Bxa6 Nxa6 11. Ne2 Qd7 12. Qd3 Qa4 13. Bg5 c5 14. O-O Rc8 15.
Rac1 cxd4 16. cxd4 Qc4 17. Qe3 Nf8 18. f4 g6 19. Qf3 Rc6 20. g4 hxg4 21. Qxg4
Kd7 22. Rfd1 Kc7 23. Rd3 Nd7 24. Qf3 Kb7 25. Ng3 Qa4 26. Qe2 Nab8 27. Nf1 Qa6
28. Qd2 Qa4 29. Ne3 b5 30. Rb3 Nb6 31. Rb4 Qxa3 32. Rxb5 Qc3 33. Qxc3 Rxc3 34.
Kf2 Rhc8 35. Be7 Rh8 36. Nd1 Rc4 37. Nb2 Rxd4 38. Ke3 Re4+ 39. Kf3 Nc6 40. Bf6
Nd4+ 41. Kg4 Rc8 42. Rb4 a5 0-1

[Event "37. Copenhagen Open (Politiken Cup)"]
[Site "Elsinore"]
[Date "2015.07.27"]
[Round "4"]
[White "Satre, Roger"]
[Black "Skovgaard, Andreas"]
[Result "1/2-1/2"]
[WhiteElo "1900"]
[BlackElo "1649"]
[PlyCount "62"]
[EventDate "2015.07.25"]
[EventType "swiss"]
[EventRounds "10"]
[EventCountry "DEN"]
[Source "ChessBase"]
[SourceDate "2015.09.14"]

1. e4 b6 2. f4 Bb7 3. Nc3 e6 4. Nf3 Nf6 5. e5 Ne4 6. Nxe4 Bxe4 7. d4 c5 8. c3
cxd4 9. cxd4 Nc6 10. Ng5 Bg6 11. a3 Rc8 12. Ba6 Rc7 13. O-O Nxd4 14. Bd2 Bc5
15. Kh1 O-O 16. b4 Be7 17. Qg4 h6 18. Nf3 Nxf3 19. Qxf3 Rc2 20. Rad1 d5 21. h3
Qd7 22. Qb3 b5 23. f5 Rxd2 24. fxg6 Rxd1 25. gxf7+ Rxf7 26. Qxd1 Rxf1+ 27. Qxf1
Qc7 28. Qxb5 Qxe5 29. Qe8+ Bf8 30. Bc8 Qe1+ 31. Kh2 Qe5+ 1/2-1/2

[Event "37. Copenhagen Open (Politiken Cup)"]
[Site "Elsinore"]
[Date "2015.07.27"]
[Round "4"]
[White "Schjolin, John"]
[Black "Rasmussen, Henning1"]
[Result "1/2-1/2"]
[WhiteElo "1276"]
[BlackElo "1817"]
[PlyCount "116"]
[EventDate "2015.07.25"]
[EventType "swiss"]
[EventRounds "10"]
[EventCountry "DEN"]
[Source "ChessBase"]
[SourceDate "2015.09.14"]

1. d4 Nf6 2. c4 g6 3. g3 Bg7 4. Nf3 d6 5. Nc3 Nbd7 6. e4 e5 7. d5 Nc5 8. Qc2 a5
9. Bg5 Bd7 10. a4 b6 11. Bg2 Qc8 12. h4 h6 13. Be3 Na6 14. b3 Nb4 15. Qd2 Ng4
16. Bh3 Nxe3 17. Bxd7+ Qxd7 18. fxe3 Qg4 19. Kf2 Qd7 20. Kg2 f5 21. exf5 gxf5
22. Raf1 O-O-O 23. Ne2 Rhg8 24. h5 Bf6 25. Rh3 Rg7 26. Rf2 Rdg8 27. Rf1 Kb8 28.
Rg1 Na6 29. Kh1 Nc5 30. Qd1 Ne4 31. Rg2 Ng5 32. Nxg5 Bxg5 33. Qg1 Qf7 34. Qf2
Qd7 35. Qf3 Bd8 36. Qf2 Rg5 37. Qf3 Qf7 38. Qf2 Rxh5 39. Rxh5 Qxh5+ 40. Kg1 Qg6
41. Kh2 Bg5 42. Qf3 Be7 43. Qf2 h5 44. Qf3 Qg4 45. Qf2 Kc8 46. Kg1 Kd8 47. Kh2
h4 48. gxh4 Qxg2+ 49. Qxg2 Rxg2+ 50. Kxg2 Bxh4 51. Kf3 Ke7 52. Nc3 Bg5 53. Nb5
Kd7 54. e4 f4 55. Nc3 c6 56. Kg4 Bd8 57. Ne2 cxd5 58. exd5 Be7 1/2-1/2